El misterio del hombre que desapareció

Saved in:
Bibliografiske detaljer
Hovedforfatter: Molina, María Isabel (autora)
Format: Bog
Sprog:spansk
Udgivet: Bogotá Norma 2000
Udgivelse:16a. ed
Serier:Torre de Papel
Fag:
Tags: Tilføj Tag
Ingen Tags, Vær først til at tagge denne postø!

MARC

LEADER 00000nam a2200000 a 4500
001 UCH8576
003 CL-VaPUC
008 091127e20000500CK |||||||||||||||||spa|d
020 |a 9580407290 
082 0 4 |a 863  |b MOL  |2 21 
100 |a Molina, María Isabel  |e autora  |9 545184 
245 1 3 |a El misterio del hombre que desapareció 
250 |a 16a. ed 
300 |a 109 p 
942 |c BK 
945 |d 20091127 00:00:00  |a lazolas 
260 |a Bogotá  |b Norma  |c 2000 
500 |a Ilustrado por José Guillermo Peña 
650 0 |a Literatura española  |9 306261 
650 0 |a Literatura infantil   |9 307465 
583 |a last modification  |c 20091127 00:00:00  |k Rodrigo Vera 
490 0 |a Torre de Papel 
999 |c 338787  |d 338785